Vyhliadka a vinárstvo, Pezinok

Enregistré dans:
Détails bibliographiques
Auteur principal: Lysáková, Lívia (Auteur)
Autres auteurs: Vojteková, Eva (Directeur de thèse)
Format: Manuscrit Livre
Langue:slovaque
Publié: 2024
Sujets:
Accès en ligne:http://is.stuba.sk/zp/portal_zp.pl?podrobnosti=161899
Tags: Ajouter un tag
Pas de tags, Soyez le premier à ajouter un tag!

MARC

LEADER 00000ntm a22000003a 4500
001 stuzp98562
003 SK-STU
005 20240615211035.6
007 ta
008 150427s2015----xo-----f-mn---000-0-slo-d
040 |a STU  |b slo 
041 0 |a slo 
100 1 |a Lysáková, Lívia  |u 054140  |4 aut  |U FAD Fakulta architektúry a dizajnu  |T FAD Ústav konštrukcií v architektúre a inžinierskych stavieb  |X 110159  |U A4140  |Y 395  |7 110159 
242 0 1 |a Lookout Point and Winery, Pezinok  |y eng 
245 1 0 |a Vyhliadka a vinárstvo, Pezinok 
260 |c 2024 
650 4 |a ochutnávka vína  |2 slo 
650 4 |a Pezinok  |2 slo 
650 4 |a vyhliadka  |2 slo 
650 4 |a Pezinok  |2 eng 
650 4 |a wine tasting  |2 eng 
650 4 |a lookout point  |2 eng 
700 1 |a Vojteková, Eva  |u 054140  |k Z1  |4 ths  |U FAD Fakulta architektúry a dizajnu  |T FAD Ústav konštrukcií v architektúre a inžinierskych stavieb  |X 333  |U A4140  |Y 395  |7 A000000333 
856 4 |u http://is.stuba.sk/zp/portal_zp.pl?podrobnosti=161899